Lanean...
Agriculture Research adn Technology transfer.
| Egile nagusia: | |
|---|---|
| Formatua: | Printed Book |
| Hizkuntza: | Undetermined English |
| Argitaratua: |
London
Elsevier Applied science
1989
|
| Gaiak: |
| LEADER | 00637nam a2200205Ia 4500 | ||
|---|---|---|---|
| 008 | 140306s9999 xx 000 0 und d | ||
| 020 | |a 1851662758 | ||
| 041 | |a eng | ||
| 082 | |a 630.72 |b ARN | ||
| 100 | |a Arnon, I | ||
| 245 | |a Agriculture Research adn Technology transfer. | ||
| 260 | |a London |b Elsevier Applied science |c 1989 | ||
| 300 | |a 840 | ||
| 365 | |b BP 85.00 | ||
| 650 | |||
| 650 | |a Agricultural Research | ||
| 650 | |a Technology Transfer | ||
| 942 | |2 ddc |c BK | ||
| 999 | |c 85111 |d 85111 | ||
| 952 | |0 0 |1 0 |2 ddc |4 0 |6 630_720000000000000_ARN |7 0 |9 81897 |a KAUACV |b KAUACV |d 2009-02-09 |g 85.00 |o 630.72 ARN |p KAU_ACV-24818 |r 2014-03-22 |w 2014-03-22 |y BK | ||